| 000 | 00451nam a2200193Ia 4500 | ||
|---|---|---|---|
| 005 | 20240823013026.0 | ||
| 008 | 240823s9999||||xx |||||||||||||| ||und|| | ||
| 020 | _a81-7722-385-2 | ||
| 041 | _aENGLISH | ||
| 082 | _A331.714 P3 | ||
| 100 | _aKeating Barry | ||
| 245 | 0 | _aManagerial Economics | |
| 250 | _a2nd | ||
| 260 |
_c2003 _b"Biztantra,New " |
||
| 500 | _aYES | ||
| 650 |
_aEconomics _bManagement Studies |
||
| 942 | _cBK | ||
| 999 |
_c166076 _d166076 |
||